000 00904nam a2200289 4500
003 OSt
005 20260530115300.0
008 260417b1975 fr |||| |||| 00| 0 spa d
040 _aICI
_bspa
_cICI
050 _aBF778
_bB3818 1975
100 1 _aBaudrillard, Jean,
_d1929-
240 1 3 _aLe systeme des objets
_lEspañol
245 1 3 _aEl sistema de los objetos /
_cPor Jean baudrillard ; traducción de Francisco González aramburu
250 _a2
264 1 _bSiglo XXI,
_c1975
_aMéxico :
300 _a229 páginas
336 _atexto
_2rdacontent
337 _asin medio
_2rdamedia
338 _avolumen
_2rdacarrier
490 0 _aTeoria y critica
650 0 _aConsumo (Economía)
650 0 _aValores (Filosofía)
_931104
650 0 _aTecnología y civilización
_925877
700 1 _aGonzález Aramburu, Francisco,
_etraductor
700 1 _aBaudrillard, Jean,
_d1929-
942 _2lcc
_cBK
999 _c12807
_d12807